Music Quiz

Random Music or The Beatles Quiz

Beatles Hard Days Night first 4 words Quiz Stats

Quiz not verified by Sporcle

Challenge
Share
Tweet
Embed
Score 0/13 Timer 04:00
0 Plays Today
First Four Words % Correct
It's been a hard...
99%
If I fell in....
86.7%
Can't buy me love...
85.1%
I should have known...
79.3%
Any Time at all...
73.4%
Tell me why you...
69.7%
I give her all...
57.9%
Before this dance is...
47.6%
You say you will...
40.4%
I got something to...
36.6%
I've got every reason...
35.9%
You know if you...
35.7%
I got a whole...
32.7%

You're not logged in!

Compare scores with friends on all Sporcle quizzes.
Sign Up with Email
OR
Log In

You Might Also Like...

Show Comments

Extras

Top Quizzes Today


Score Distribution

Your Account Isn't Verified!

In order to create a playlist on Sporcle, you need to verify the email address you used during registration. Go to your Sporcle Settings to finish the process.